000 00415nam a2200181Ia 4500
008 200214s9999 xx 000 0 und d
020 _a9780070648227
041 _aEnglish
082 _a681.3.423.12 BAL
100 _aBalagurusamy (E)
245 0 _aProgramming in Ansi C
260 _bTata McGraw Hill
_c2009
300 _a543
365 _dRupees
563 _aPaper Pack
650 _aC
942 _cBK
999 _c178457
_d178457